500 Biggest US Cities by First Two Letters - Statistics

General Stats
  • This quiz has been taken 1,574 times
  • The average score is 374 of 500
Answers on the Map
Answers color-coded by a green-red scale on the quiz's map according to % correct below.
 
Answer Stats
Population State Urban Area % Correct
76,068 OH Newark
98%
149,443 MA New Bedford
98%
50,503 NC New Bern
98%
562,839 CT New Haven
98%
899,703 LA New Orleans
98%
18,351,295 NY New York City
98%
1,723,634 CA Sacramento
98%
126,265 MI Saginaw
98%
236,632 OR Salem
98%
47,493 KS Salina
98%
184,809 CA Salinas
98%
98,081 MD Salisbury
98%
1,021,243 UT Salt Lake City
98%
92,984 TX San Angelo
98%
1,758,210 TX San Antonio
98%
2,956,746 CA San Diego
98%
48,990 OH Sandusky
98%
3,281,212 CA San Francisco
98%
1,664,496 CA San Jose
98%
59,219 CA San Luis Obispo
98%
52,826 TX San Marcos
98%
195,861 CA Santa Barbara
98%
258,653 CA Santa Clarita
98%
163,703 CA Santa Cruz
98%
89,284 NM Santa Fe
98%
130,447 CA Santa Maria
98%
308,231 CA Santa Rosa
98%
643,260 FL Sarasota
98%
64,100 NY Saratoga Springs
98%
260,677 GA Savannah
98%
69,173 FL St. Augustine
98%
110,621 MN St. Cloud
98%
98,370 UT St. George
98%
81,176 MO St. Joseph
98%
2,150,706 MO St. Louis
98%
391,024 NC Winston-Salem
98%
68,738 CA Lodi
97%
94,983 UT Logan
97%
51,509 CA Lompoc
97%
90,897 CO Longmont
97%
98,884 TX Longview
97%
63,952 WA Longview
97%
180,956 OH Lorain
97%
12,150,996 CA Los Angeles
97%
63,758 NM Los Lunas
97%
972,546 KY Louisville
97%
5,502,379 FL Miami
97%
66,025 IN Michigan City
97%
97,503 OH Middletown
97%
58,381 NY Middletown
97%
117,807 TX Midland
97%
59,014 MI Midland
97%
1,376,476 WI Milwaukee
97%
2,650,890 MN Minneapolis
97%
583,681 CA Mission Viejo
97%
82,157 MT Missoula
97%
100,868 WI La Crosse
96%
112,991 FL Lady Lake
96%
252,720 LA Lafayette
96%
147,725 IN Lafayette
96%
79,407 CO Lafayette
96%
143,440 LA Lake Charles
96%
53,427 AZ Lake Havasu City
96%
74,830 TX Lake Jackson
96%
262,596 FL Lakeland
96%
402,004 PA Lancaster
96%
341,219 CA Lancaster
96%
313,532 MI Lansing
96%
235,730 TX Laredo
96%
128,600 NM Las Cruces
96%
1,886,011 NV Las Vegas
96%
88,053 KS Lawrence
96%
94,457 OK Lawton
96%
349,684 ID Boise
95%
310,298 FL Bonita Springs
95%
4,181,019 MA Boston
95%
114,591 CO Boulder
95%
78,306 KY Bowling Green
95%
530,290 FL Cape Coral
94%
50,887 PA Chambersburg
94%
145,361 IL Champaign
94%
548,404 SC Charleston
94%
153,199 WV Charleston
94%
1,249,442 NC Charlotte
94%
92,359 VA Charlottesville
94%
381,112 TN Chattanooga
94%
73,588 WY Cheyenne
94%
8,608,208 IL Chicago
94%
98,176 CA Chico
94%
5,121,892 TX Dallas
94%
85,239 GA Dalton
94%
168,136 CT Danbury
94%
50,996 IL Danville
94%
49,344 VA Danville
94%
57,383 AL Daphne
94%
280,051 IA Davenport
94%
72,794 CA Davis
94%
724,091 OH Dayton
94%
349,064 FL Daytona Beach
94%
93,863 IL Decatur
94%
70,436 AL Decatur
94%
68,545 IL DeKalb
94%
54,372 CA Delano
94%
182,169 FL Deltona
94%
366,174 TX Denton
94%
2,374,203 CO Denver
94%
450,070 IA Des Moines
94%
3,734,090 MI Detroit
94%
99,941 MI Holland
94%
80,962 FL Homosassa Springs
94%
802,459 HI Honolulu
94%
55,121 AR Hot Springs
94%
144,875 LA Houma
94%
4,944,332 TX Houston
94%
98,378 ID Coeur d'Alene
93%
171,345 TX College Station
93%
559,409 CO Colorado Springs
93%
549,777 SC Columbia
93%
124,748 MO Columbia
93%
1,368,035 OH Columbus
93%
253,602 GA Columbus
93%
54,933 IN Columbus
93%
615,968 CA Concord
93%
214,881 NC Concord
93%
239,938 TX Conroe
93%
65,277 AR Conway
93%
320,069 TX Corpus Christi
93%
62,433 OR Corvallis
93%
69,809 ID Pocatello
93%
153,150 TX Port Arthur
93%
70,272 CA Porterville
93%
87,106 MI Port Huron
93%
1,849,898 OR Portland
93%
203,914 ME Portland
93%
88,200 NH Portsmouth
93%
376,047 FL Port. St Lucie
93%
107,682 PA Pottstown
93%
423,566 NY Poughkeepsie
93%
114,237 CA Seaside
92%
3,059,393 WA Seattle
92%
149,422 FL Sebastian
92%
61,625 FL Sebring
92%
523,994 CA Bakersfield
91%
2,203,663 MD Baltimore
91%
61,210 ME Bangor
91%
246,695 MA Barnstable
91%
594,309 LA Baton Rouge
91%
78,393 MI Battle Creek
91%
70,585 MI Bay City
91%
114,773 MT Billings
90%
158,084 NY Binghamton
90%
749,495 AL Birmingham
90%
81,955 ND Bismarck
90%
154,081 OR Medford
90%
1,060,061 TN Memphis
90%
136,969 CA Merced
90%
240,223 FL Tallahassee
89%
2,441,770 FL Tampa
89%
128,754 GA Athens
88%
4,515,419 GA Atlanta
88%
248,402 NJ Atlantic City
88%
351,478 MS Jackson
88%
90,057 MI Jackson
88%
71,880 TN Jackson
88%
1,065,219 FL Jacksonville
88%
105,419 NC Jacksonville
88%
69,658 WI Janesville
88%
326,183 AL Mobile
88%
366,174 CA Modesto
88%
66,086 PA Monessen
88%
116,533 LA Monroe
88%
51,240 MI Monroe
88%
263,907 AL Montgomery
88%
70,350 WV Morgantown
88%
59,036 TN Morristown
88%
62,966 WA Mount Vernon
88%
151,499 ID Nampa
88%
83,913 CA Napa
88%
226,400 NH Nashua
88%
969,587 TN Nashville
88%
5,441,567 PA Philadelphia
88%
3,629,114 AZ Phoenix
88%
1,439,666 VA Virginia Beach
87%
172,378 TX Waco
87%
109,919 MD Waldorf
87%
55,805 WA Walla Walla
87%
133,109 GA Warner Robins
87%
4,586,770 ~ Washington, D.C.
87%
194,535 CT Waterbury
87%
113,418 IA Waterloo
87%
57,840 NY Watertown
87%
73,534 CA Watsonville
87%
74,632 WI Wausau
87%
935,906 NY Buffalo
86%
48,656 AZ Bullhead City
86%
119,911 NC Burlington
86%
108,740 VT Burlington
86%
137,570 GA Macon
86%
78,413 CA Madera
86%
401,661 WI Madison
86%
158,377 NH Manchester
86%
88,925 LA Mandeville
86%
54,622 KS Manhattan
86%
57,584 MN Mankato
86%
75,689 OH Mansfield
86%
83,578 CA Manteca
86%
46,384 OH Marion
86%
120,577 SC Mauldin
86%
594,962 NY Albany
85%
95,779 GA Albany
85%
56,997 OR Albany
85%
741,318 NM Albuquerque
85%
82,804 LA Alexandria
85%
664,651 PA Allentown
85%
83,890 IL Alton
85%
79,930 PA Altoona
85%
74,741 AL Auburn
84%
386,787 GA Augusta
84%
1,362,416 TX Austin
84%
107,672 CA Calexico
84%
71,772 CA Camarillo
84%
279,245 OH Canton
84%
52,900 MO Cape Girardeau
84%
67,821 IL Carbondale
84%
58,079 NV Carson City
84%
52,477 GA Cartersville
84%
51,331 AZ Casa Grande
84%
64,548 WY Casper
84%
72,852 OH Lima
84%
258,719 NE Lincoln
84%
431,388 AR Little Rock
84%
81,926 CA Livermore
84%
53,495 AR Pine Bluff
84%
1,733,853 PA Pittsburgh
84%
59,124 MA Pittsfield
84%
251,243 AK Anchorage
82%
88,133 IN Anderson
82%
75,702 SC Anderson
82%
306,022 MI Ann Arbor
82%
79,796 AL Anniston
82%
277,634 CA Antioch
82%
1,624,827 OH Cincinnati
82%
55,934 HI Kahului
82%
113,682 HI Kailua
82%
209,703 MI Kalamazoo
82%
81,926 IL Kankakee
82%
1,519,417 MO Kansas City
82%
133,700 WI Racine
81%
884,891 NC Raleigh
81%
81,624 SD Rapid City
81%
843,168 AZ Tucson
81%
655,479 OK Tulsa
81%
99,904 CA Turlock
81%
139,114 AL Tuscaloosa
81%
182,696 MD Hagerstown
80%
67,629 LA Hammond
80%
87,941 CA Hanford
80%
66,301 PA Hanover
80%
135,663 TX Harlingen
80%
444,474 PA Harrisburg
80%
66,784 VA Harrisonburg
80%
924,859 CT Hartford
80%
80,358 MS Hattiesburg
80%
56,827 PA Hazleton
80%
266,254 PA Reading
80%
117,731 CA Redding
80%
392,141 NV Reno
80%
54,901 WI Fond du Lac
79%
264,465 CO Fort Collins
79%
122,947 AR Fort Smith
79%
191,917 FL Fort Walton Beach
79%
313,492 IN Fort Wayne
79%
64,513 AK Fairbanks
77%
133,683 CA Fairfield
77%
176,676 ND Fargo
77%
53,049 NM Farmington
77%
310,282 NC Fayetteville
77%
295,083 AR Fayetteville
77%
953,556 VA Richmond
77%
1,932,666 CA Riverside
77%
158,655 TN Clarksville
76%
1,780,673 OH Cleveland
76%
66,777 TN Cleveland
76%
1,510,516 FL Orlando
76%
73,467 KY Elizabethtown
75%
143,592 IN Elkhart
75%
67,983 NY Elmira
75%
803,086 TX El Paso
75%
65,088 CA El Paso de Robles
75%
210,111 VA Roanoke
75%
720,572 NY Rochester
75%
107,677 MN Rochester
75%
296,863 IL Rockford
75%
104,996 SC Rock Hill
75%
68,243 NC Rocky Mount
75%
60,851 GA Rome
75%
49,727 NM Roswell
75%
290,373 IL Round Lake Beach
75%
87,454 PA State College
75%
56,611 VA Staunton
75%
370,583 CA Stockton
75%
103,898 OK Norman
74%
169,541 FL North Port
74%
209,190 CT Norwich
74%
507,643 OH Toledo
73%
150,003 KS Topeka
73%
472,870 KS Wichita
73%
99,437 TX Wichita Falls
73%
75,689 VA Williamsburg
73%
56,142 PA Williamsport
73%
219,957 NC Wilmington
73%
49,190 NC Wilson
73%
69,449 VA Winchester
73%
201,289 FL Winter Haven
73%
1,487,483 IN Indianapolis
72%
345,580 CA Indio
72%
861,505 OK Oklahoma City
71%
48,807 SC Beaufort
70%
147,922 TX Beaumont
70%
64,022 WV Beckley
70%
114,473 WA Bellingham
70%
63,835 WI Beloit
70%
83,794 OR Bend
70%
61,022 MI Benton Harbor
70%
61,270 ND Grand Forks
70%
50,440 NE Grand Island
70%
128,124 CO Grand Junction
70%
569,935 MI Grand Rapids
70%
50,520 OR Grants Pass
70%
65,207 MT Great Falls
70%
117,825 CO Greeley
70%
206,520 WI Green Bay
70%
311,810 NC Greensboro
70%
400,492 SC Greenville
70%
117,798 NC Greenville
70%
84,744 AZ Prescott
70%
1,190,956 RI Providence
70%
482,819 UT Provo
70%
52,745 AZ Sierra Vista
70%
125,206 CA Simi Valley
70%
106,494 IA Sioux City
70%
156,777 SD Sioux Falls
70%
198,979 WA Bremerton
68%
923,311 CT Bridgeport
68%
69,501 TN Bristol
68%
217,585 TX Brownsville
68%
51,024 GA Brunswick
68%
141,576 MD Frederick
68%
141,238 VA Fredericksburg
68%
654,628 CA Fresno
68%
77,086 PA Lebanon
68%
131,337 FL Leesburg
68%
85,081 MO Lee's Summit
68%
116,960 MA Leominster
68%
59,397 ME Lewiston
68%
51,924 ID Lewiston
68%
290,263 KY Lexington
68%
58,875 MD Lexington Park
68%
180,786 SC Spartanburg
68%
387,847 WA Spokane
68%
621,300 MA Springfield
68%
273,724 MO Springfield
68%
161,316 IL Springfield
68%
85,256 OH Springfield
68%
148,220 FL Spring Hill
68%
64,172 AL Gadsden
67%
187,781 FL Gainesville
67%
130,846 GA Gainesville
67%
169,495 NC Gastonia
67%
278,165 IN South Bend
67%
119,509 MI South Lyon
67%
725,008 NE Omaha
66%
48,791 KY Paducah
66%
452,791 FL Palm Bay
66%
143,280 FL Panama City
66%
67,229 WV Parkersburg
66%
50,428 MS Pascagoula
66%
340,067 FL Pensacola
66%
266,921 IL Peoria
66%
64,078 CA Petaluma
66%
163,379 CA Hemet
65%
63,683 TX Victoria
65%
328,454 CA Victorville
65%
51,291 NJ Villas
65%
95,259 NJ Vineland
65%
219,454 CA Visalia
65%
67,818 IA Dubuque
64%
120,378 MN Duluth
64%
347,602 NC Durham
64%
196,651 TX Amarillo
62%
60,438 IA Ames
62%
237,356 TX Lubbock
61%
202,637 WV Huntington
59%
286,692 AL Huntsville
59%
70,889 WV Weirton
58%
67,227 WA Wenatchee
58%
68,444 WI West Bend
58%
72,794 MD Westminster
58%
177,844 IA Cedar Rapids
57%
90,390 TX Temple
57%
92,742 IN Terre Haute
57%
78,162 TX Texarkana
57%
106,383 TX Texas City
57%
68,781 AL Dothan
56%
110,769 DE Dover
56%
88,087 NH Dover
56%
212,195 NC Hickory
55%
166,485 NC High Point
55%
68,998 SC Hilton Head Island
55%
51,456 GA Hinesville
55%
58,533 MO Jefferson City
54%
210,975 WA Kennewick
54%
124,064 WI Kenosha
54%
52,000 CA Arroyo Grande
53%
55,513 CA Woodland
52%
486,514 MA Worcester
52%
93,141 CA Vacaville
51%
77,085 GA Valdosta
51%
166,485 CA Vallejo
51%
569,499 OH Akron
50%
120,415 TN Johnson City
50%
69,014 PA Johnstown
50%
65,419 AR Jonesboro
50%
82,775 MO Joplin
50%
90,580 IN Muncie
50%
133,228 TN Murfreesboro
50%
441,546 CA Murrieta
50%
161,280 MI Muskegon
50%
196,611 PA Erie
48%
217,630 TX Killeen
47%
106,571 TN Kingsport
47%
57,442 NY Kingston
47%
314,071 FL Kissimmee
47%
73,107 SC Sumter
47%
71,313 WI Sheboygan
46%
61,900 TX Sherman
46%
298,317 LA Shreveport
46%
136,550 CO Pueblo
45%
412,317 NY Syracuse
45%
213,751 MD Aberdeen
44%
110,421 TX Abilene
44%
280,648 NC Asheville
44%
71,957 AZ Flagstaff
44%
366,174 MI Flint
44%
89,557 SC Florence
44%
77,074 AL Florence
44%
87,569 CA Tracy
43%
47,109 MI Traverse City
43%
296,668 NJ Trenton
43%
232,045 PA York
43%
387,550 OH Youngstown
43%
51,899 MD Cumberland
42%
49,236 TX Eagle Pass
42%
54,316 PA East Stroudsburg
42%
102,852 WI Eau Claire
42%
61,054 NC Goldsboro
42%
208,948 MS Gulfport
42%
176,617 WA Olympia
42%
54,622 FL Titusville
41%
98,413 CA Gilroy
40%
48,441 OH Findlay
39%
247,421 OR Eugene
38%
558,696 TN Knoxville
38%
62,182 IN Kokomo
38%
381,502 PA Scranton
36%
129,534 WA Yakima
34%
216,154 WI Appleton
33%
88,542 VA Blacksburg
32%
132,600 IL Bloomington
32%
108,657 IN Bloomington
32%
53,618 PA Bloomsburg
32%
546,026 UT Ogden
32%
214,811 CA Thousand Oaks
30%
116,719 CA Yuba City
28%
135,267 AZ Yuma
28%
91,151 LA Slidell
27%
47,609 OK Enid
26%
229,351 IN Evansville
26%
145,140 WA Everett
26%
65,443 NY Glens Falls
26%
728,825 TX McAllen
26%
170,030 TX McKinney
26%
126,405 TX Odessa
25%
90,733 ID Idaho Falls
24%
74,495 WI Oshkosh
23%
117,328 NY Utica
23%
197,041 AZ Avondale
22%
106,621 IA Iowa City
21%
53,661 NY Ithaca
21%
66,609 FL Zephyrhills
21%
215,304 SC Myrtle Beach
19%
156,909 FL Ocala
19%
367,260 CA Oxnard
19%
130,247 TX Tyler
19%
81,249 WV Wheeling
18%
116,636 VA Lynchburg
16%
51,370 PA Uniontown
15%
70,543 KY Owensboro
13%
48,836 ID Twin Falls
9%
64,037 NJ Twin Rivers
9%
No matching quizzes found
Score Distribution
Percent of People with Each Score
Percentile by Number Answered
Your Score History
You have not taken this quiz